[Event "European Online Club-ch-H 2021"]
[Site "Online"]
[Date "2021.03.27"]
[Round "2.14"]
[White "Asadli, Vugar"]
[Black "Roux, Olivier"]
[Result "1-0"]
[WhiteElo "2572"]
[BlackElo "2156"]
[Annotator "ChessBase"]
[PlyCount "51"]
[EventDate "2021.03.27"]
[EventType "team-tourn"]
[EventCountry "NET"]
[SourceTitle "playchess.com"]
[Source "ChessBase"]
[SourceQuality "1"]
[TimeControl "900+5"]

1. e4 {[%emt 0:00:00]} c5 {[%emt 0:00:02]} 2. Nc3 {[%emt 0:00:04]} Nc6 {[%emt 0:00:09]} 3. Bb5 {[%emt 0:00:05]} Nd4 {[%emt 0:00:06]} 4. Nf3 {[%emt 0:00:03]} Nxb5 {[%emt 0:00:14]} 5. Nxb5 {[%emt 0:00:02]} d6 {[%emt 0:00:19]} 6. d4 {[%emt 0:00:04]} a6 {[%emt 0:00:49]} 7. Nc3 {[%emt 0:00:04]} cxd4 {[%emt 0:00:05]} 8. Qxd4 {[%emt 0:00:02]} Nf6 {[%emt 0:00:06]} 9. Bg5 {[%emt 0:00:06]} e5 {[%emt 0:00:38]} 10. Qd3 {[%emt 0:00:21]} Be7 {[%emt 0:00:05]} 11. O-O-O {[%emt 0:00:10]} Qa5 {[%emt 0:00:12]} 12. Bxf6 {[%emt 0:00:19]} gxf6 {[%emt 0:00:44]} 13. Nd2 {[%emt 0:00:25]} Be6 {[%emt 0:00:04]} 14. Nc4 {[%emt 0:00:07]} Qc5 {[%emt 0:01:38]} 15. Ne3 {[%emt 0:00:26]} b5 {[%emt 0:00:30]} 16. Ncd5 {[%emt 0:00:22]} Rc8 {[%emt 0:00:08]} 17. f3 {[%emt 0:00:21]} a5 {[%emt 0:01:47]} 18. Rd2 {[%emt 0:00:07]} Rc6 {[%emt 0:00:22]} 19. Rhd1 {[%emt 0:00:04]} Bd8 {[%emt 0:00:11]} 20. Qe2 {[%emt 0:01:10]} O-O {[%emt 0:00:29]} 21. Qe1 {[%emt 0:00:31]} Kh8 {[%emt 0:00:06]} 22. Qh4 {[%emt 0:00:10]} f5 {[%emt 0:00:41]} 23. Nf6 {[%emt 0:01:18]} Kg7 {[%emt 0:00:08]} 24. Qg5+ {[%emt 0:00:04]} Kh8 {[%emt 0:00:09]} 25. Qh6 {[%emt 0:00:02]} Bxf6 {[%emt 0:00:07]} 26. Qxf8# {[%emt 0:00:03]} 1-0

[Event "European Online Club-ch-H 2021"]
[Site "Online"]
[Date "2021.03.27"]
[Round "2.15"]
[White "Kirszenberg, Marc"]
[Black "Sadikhov, Ulvi"]
[Result "1-0"]
[WhiteElo "2130"]
[BlackElo "2490"]
[Annotator "ChessBase"]
[PlyCount "103"]
[EventDate "2021.03.27"]
[EventType "team-tourn"]
[EventCountry "NET"]
[SourceTitle "playchess.com"]
[Source "ChessBase"]
[SourceQuality "1"]
[TimeControl "900+5"]

1. d4 {[%emt 0:00:00]} d6 {[%emt 0:00:04]} 2. Nf3 {[%emt 0:00:03]} g6 {[%emt 0:00:03]} 3. Bf4 {[%emt 0:00:01]} Bg7 {[%emt 0:00:03]} 4. e3 {[%emt 0:00:02]} Nf6 {[%emt 0:00:03]} 5. h3 {[%emt 0:00:05]} O-O {[%emt 0:00:02]} 6. c4 {[%emt 0:00:01]} b6 {[%emt 0:00:05]} 7. Nc3 {[%emt 0:00:01]} Bb7 {[%emt 0:00:01]} 8. Be2 {[%emt 0:00:13]} Nbd7 {[%emt 0:00:09]} 9. O-O {[%emt 0:00:01]} e6 {[%emt 0:00:01]} 10. Rc1 {[%emt 0:00:03]} Qe7 {[%emt 0:00:03]} 11. b4 {[%emt 0:00:03]} Rfe8 {[%emt 0:00:12]} 12. Bh2 {[%emt 0:00:13]} a6 {[%emt 0:01:17]} 13. Qb3 {[%emt 0:00:15]} Ne4 {[%emt 0:00:25]} 14. Nxe4 {[%emt 0:00:05]} Bxe4 {[%emt 0:00:03]} 15. c5 {[%emt 0:00:11]} bxc5 {[%emt 0:00:57]} 16. dxc5 {[%emt 0:00:14]} dxc5 {[%emt 0:00:29]} 17. bxc5 {[%emt 0:00:18]} e5 {[%emt 0:00:11]} 18. Rfd1 {[%emt 0:01:29]} Bc6 {[%emt 0:00:35]} 19. Bg3 {[%emt 0:03:04]} h6 {[%emt 0:00:45]} 20. Bc4 {[%emt 0:00:24]} Reb8 {[%emt 0:02:26]} 21. Qc2 {[%emt 0:00:46]} Nf8 {[%emt 0:02:11]} 22. Bd5 {[%emt 0:01:26]} Bxd5 {[%emt 0:00:13]} 23. Rxd5 {[%emt 0:00:03]} f6 {[%emt 0:00:16]} 24. Rcd1 {[%emt 0:01:14]} Rb5 {[%emt 0:00:55]} 25. a4 {[%emt 0:00:37]} Rb4 {[%emt 0:00:04]} 26. c6 {[%emt 0:01:59]} Rab8 {[%emt 0:00:09]} 27. Rd7 {[%emt 0:00:22]} Nxd7 {[%emt 0:01:01]} 28. Rxd7 {[%emt 0:00:04]} Qe8 {[%emt 0:00:02]} 29. Rxc7 {[%emt 0:00:07]} Rc8 {[%emt 0:01:50]} 30. Rxc8 {[%emt 0:00:27]} Qxc8 {[%emt 0:00:03]} 31. Qc5 {[%emt 0:01:25]} Rb1+ {[%emt 0:02:02]} 32. Kh2 {[%emt 0:00:02]} Rd1 {[%emt 0:00:05]} 33. Nh4 {[%emt 0:00:43]} Kf7 {[%emt 0:00:50]} 34. Nxg6 {[%emt 0:00:07]} Kxg6 {[%emt 0:00:08]} 35. Qc2+ {[%emt 0:00:02]} Kf7 {[%emt 0:00:02]} 36. Qxd1 {[%emt 0:00:02]} Qxc6 {[%emt 0:00:01]} 37. Qb3+ {[%emt 0:00:04]} Kg6 {[%emt 0:00:04]} 38. f3 {[%emt 0:00:08]} f5 {[%emt 0:00:08]} 39. e4 {[%emt 0:00:12]} fxe4 {[%emt 0:00:08]} 40. fxe4 {[%emt 0:00:02]} Qxe4 {[%emt 0:00:08]} 41. Qb6+ {[%emt 0:00:04]} Kh7 {[%emt 0:00:02]} 42. Qxa6 {[%emt 0:00:04]} h5 {[%emt 0:00:02]} 43. h4 {[%emt 0:00:07]} Bh6 {[%emt 0:00:07]} 44. Qa7+ {[%emt 0:00:06]} Kg6 {[%emt 0:00:06]} 45. Qb6+ {[%emt 0:00:20]} Kh7 {[%emt 0:00:02]} 46. Qc7+ {[%emt 0:00:03]} Kg6 {[%emt 0:00:01]} 47. Qxe5 {[%emt 0:00:03]} Qxa4 {[%emt 0:00:04]} 48. Qe6+ {[%emt 0:00:04]} Kh7 {[%emt 0:00:06]} 49. Qf5+ {[%emt 0:00:02]} Kg8 {[%emt 0:00:04]} 50. Qxh5 {[%emt 0:00:05]} Bg7 {[%emt 0:00:03]} 51. Qg6 {[%emt 0:00:05]} Qd7 {[%emt 0:00:11]} 52. Be5 {[%emt 0:00:06]} 1-0

[Event "European Online Club-ch-H 2021"]
[Site "Online"]
[Date "2021.03.27"]
[Round "2.16"]
[White "Ahmadzada, Ahmad"]
[Black "Marek, Yves"]
[Result "1-0"]
[WhiteElo "2431"]
[BlackElo "2099"]
[Annotator "NA"]
[PlyCount "79"]
[EventDate "2021.03.27"]
[EventType "team-tourn"]
[EventCountry "NET"]
[SourceTitle "playchess.com"]
[Source "ChessBase"]
[SourceQuality "1"]
[TimeControl "900+5"]

1. e4 {[%emt 0:00:00]} e6 {[%emt 0:00:04]} 2. d4 {[%emt 0:00:05]} d5 {[%emt 0:00:05]} 3. Nd2 {[%emt 0:00:02]} Be7 {[%emt 0:00:04]} 4. e5 {[%emt 0:00:05]} c5 {[%emt 0:00:04]} 5. c3 {[%emt 0:00:01]} Nc6 {[%emt 0:00:03]} 6. Bd3 {[%emt 0:00:02]} cxd4 {[%emt 0:00:09]} 7. cxd4 {[%emt 0:00:02]} Nh6 {[%emt 0:00:09]} 8. Ndf3 {[%emt 0:00:10]} Nf5 {[%emt 0:00:04]} 9. Ne2 {[%emt 0:00:04]} Qa5+ {[%emt 0:00:37]} 10. Bd2 {[%emt 0:00:08]} Qb6 {[%emt 0:00:17]} 11. Bc3 {[%emt 0:00:29]} Bd7 {[%emt 0:00:17]} 12. O-O {[%emt 0:00:34]} Rc8 {[%emt 0:00:18]} 13. Rc1 {[%emt 0:00:35]} a5 {[%emt 0:00:06]} 14. Nf4 {[%emt 0:00:51]} Nh6 {[%emt 0:01:09]} 15. Nh5 {[%emt 0:00:34]} g6 {[%emt 0:00:30]} 16. Bd2 {[%emt 0:02:20]} Nf5 {[%emt 0:00:18]} 17. Bxf5 {[%emt 0:00:26]} gxh5 {[%emt 0:00:39]} 18. Bd3 {[%emt 0:01:11]} Nb4 {[%emt 0:01:31]} 19. Bb1 {[%emt 0:00:23]} Rxc1 {[%emt 0:00:24]} 20. Bxc1 {[%emt 0:00:19]} Bb5 {[%emt 0:00:18]} 21. Re1 {[%emt 0:00:12]} Qa6 {[%emt 0:00:18]} 22. Ng5 {[%emt 0:00:30]} Nd3 {[%emt 0:00:57]} 23. Nxf7 {[%emt 0:00:42]} Rf8 {[%emt 0:02:22]} 24. Nd6+ {[%emt 0:00:45]} Bxd6 {[%emt 0:00:08]} 25. Qxh5+ {[%emt 0:00:16]} Kd7 {[%emt 0:00:14]} 26. Bxd3 {[%emt 0:00:16]} Bxd3 {[%emt 0:00:06]} 27. exd6 {[%emt 0:00:05]} Qxd6 {[%emt 0:00:13]} 28. f3 {[%emt 0:00:35]} Qb4 {[%emt 0:00:16]} 29. Qe5 {[%emt 0:00:09]} Qd6 {[%emt 0:00:31]} 30. Qe3 {[%emt 0:00:24]} Bf5 {[%emt 0:00:12]} 31. Bd2 {[%emt 0:00:22]} b6 {[%emt 0:00:14]} 32. Qf2 {[%emt 0:01:08]} Rc8 {[%emt 0:00:11]} 33. Bc3 {[%emt 0:00:18]} b5 {[%emt 0:00:43]} 34. Bxa5 {[%emt 0:00:34]} Rc2 {[%emt 0:00:05]} 35. Re2 {[%emt 0:00:18]} Rc1+ {[%emt 0:00:45]} 36. Re1 {[%emt 0:00:13]} Rc2 {[%emt 0:00:03]} 37. Re2 {[%emt 0:00:01]} Rc1+ {[%emt 0:00:03]} 38. Be1 {[%emt 0:00:03]} Qb4 {[%emt 0:00:34]} 39. Qe3 {[%emt 0:00:17]} Qc4 {[%emt 0:00:25]} 40. g4 {[%emt 0:00:08]} 1-0

[Event "European Online Club-ch-H 2021"]
[Site "Online"]
[Date "2021.03.27"]
[Round "2.18"]
[White "Braun, Arik"]
[Black "Eljanov, Pavel"]
[Result "1/2-1/2"]
[WhiteElo "2609"]
[BlackElo "2672"]
[Annotator "TA"]
[PlyCount "77"]
[EventDate "2021.03.27"]
[EventType "team-tourn"]
[EventCountry "NET"]
[SourceTitle "playchess.com"]
[Source "ChessBase"]
[SourceQuality "1"]

{[%evp 21,77,-6,-5,-9,0,0,-2,-29,93,91,86,85,76,88,97,95,110,78,129,136,120,60,70,66,110,49,78,0,0,0,0,0,0,0,0,-18,-26,-26,-15,-28,-18,-24,-10,-21,-22,-11,0,0,0,0,0,-7,0,0,0,0,0,0]} 1. d4 Nf6 2. c4 e6 3. Nc3 Bb4 4. Bd2 O-O 5. Nf3 b6 6. e3 Bb7 7. Bd3 d5 8. O-O dxc4 9. Bxc4 Nbd7 10. Qe2 c5 11. dxc5 Bxc5 12. Rfd1 {E55: Nimzo-Indian: Rubinstein: Main Line: 7...dxc4 8 Bxc4 Nbd7.} a6 {[#]} 13. Rac1 $146 ({Predecessor:} 13. a4 h6 14. Be1 Qb8 {½-½ (14) Smyslov,V (2555)-Ribli,Z (2585) Reggio Emilia 1986}) 13... Qb8 14. h3 Ne5 (14... b5 $11 15. Bd3 Rd8) 15. Nxe5 $16 Qxe5 16. Na4 $1 Bd6 17. f4 Qf5 18. Nxb6 Rab8 19. Be1 Bc5 {[#]} (19... Bxg2 $142 20. Qxg2 Rxb6) 20. Bd3 $1 {[%cal Rd3f5]} Be4 21. Na4 (21. Bxe4 $16 Qxe4 22. Rxc5 Rxb6 23. Bc3) 21... Ba7 $14 22. Kh2 ({Much worse is} 22. Bxa6 Nd5 $15) 22... h5 23. b3 (23. Bxa6 $16 Ra8 24. Bb4) 23... Nd5 {[#]} 24. Bf2 ({Better is} 24. Rc4 $1 $16 Bxd3 25. Rxd3) 24... Nxf4 $11 25. exf4 Bxd3 26. Qxd3 Bxf2 27. Qxf5 exf5 28. g3 h4 29. gxh4 Rfe8 30. Kg2 Bxh4 {aiming for ...Re2+.} 31. Kf3 Re7 32. Nb2 {The position is equal.} Rbe8 {( -> ...Re2)} 33. Nc4 $1 Re2 {[%csl Gh4][%cal Re2f2]} 34. Rd2 Rxd2 (34... R2e6 {keeps more tension.} 35. Rd6 Re2 36. Rd2) 35. Nxd2 Rd8 36. Ke2 Re8+ 37. Kf3 Rd8 38. Ke2 Re8+ 39. Kf3 {Weighted Error Value: White=0.11/Black=0.17} 1/2-1/2

[Event "European Online Club-ch-H 2021"]
[Site "Online"]
[Date "2021.03.27"]
[Round "2.19"]
[White "Kuzubov, Yuriy"]
[Black "Wagner, Dennis"]
[Result "1-0"]
[WhiteElo "2642"]
[BlackElo "2581"]
[Annotator "ChessBase"]
[PlyCount "77"]
[EventDate "2021.03.27"]
[EventType "team-tourn"]
[EventCountry "NET"]
[SourceTitle "playchess.com"]
[Source "ChessBase"]
[SourceQuality "1"]
[TimeControl "900+5"]

1. d4 {[%emt 0:00:00]} Nf6 {[%emt 0:00:02]} 2. Nf3 {[%emt 0:00:05]} g6 {[%emt 0:00:01]} 3. Nbd2 {[%emt 0:00:04]} d5 {[%emt 0:00:12]} 4. e3 {[%emt 0:00:02]} Bg7 {[%emt 0:00:03]} 5. b4 {[%emt 0:00:04]} a5 {[%emt 0:00:18]} 6. b5 {[%emt 0:00:02]} c5 {[%emt 0:00:05]} 7. bxc6 {[%emt 0:00:30]} Nxc6 {[%emt 0:00:07]} 8. Be2 {[%emt 0:00:08]} O-O {[%emt 0:00:02]} 9. a4 {[%emt 0:00:10]} Bf5 {[%emt 0:00:07]} 10. c3 {[%emt 0:00:03]} Re8 {[%emt 0:01:02]} 11. O-O {[%emt 0:00:25]} e5 {[%emt 0:00:13]} 12. dxe5 {[%emt 0:01:18]} Nxe5 {[%emt 0:00:16]} 13. Nxe5 {[%emt 0:00:39]} Rxe5 {[%emt 0:00:01]} 14. Nf3 {[%emt 0:00:34]} Re8 {[%emt 0:00:02]} 15. Nd4 {[%emt 0:00:05]} Bd7 {[%emt 0:00:37]} 16. c4 {[%emt 0:03:19]} Qc7 {[%emt 0:02:48]} 17. cxd5 {[%emt 0:02:41]} Nxd5 {[%emt 0:00:09]} 18. Bf3 {[%emt 0:00:11]} Nc3 {[%emt 0:01:35]} 19. Qb3 {[%emt 0:00:12]} Bxd4 {[%emt 0:04:43]} 20. exd4 {[%emt 0:00:08]} Ne2+ {[%emt 0:00:01]} 21. Bxe2 {[%emt 0:00:11]} Rxe2 {[%emt 0:00:00]} 22. d5 {[%emt 0:01:46]} Re4 {[%emt 0:01:45]} 23. Qf3 {[%emt 0:02:52]} Rae8 {[%emt 0:02:06]} 24. Bb2 {[%emt 0:00:18]} Rf4 {[%emt 0:00:20]} 25. Qg3 {[%emt 0:00:17]} Rc4 {[%emt 0:00:03]} 26. d6 {[%emt 0:00:10]} Qc5 {[%emt 0:00:01]} 27. h3 {[%emt 0:00:28]} h5 {[%emt 0:00:07]} 28. Rfc1 {[%emt 0:00:14]} Re2 {[%emt 0:00:06]} 29. Rxc4 {[%emt 0:00:15]} Qxc4 {[%emt 0:00:00]} 30. Rc1 {[%emt 0:00:02]} Qe6 {[%emt 0:00:30]} 31. Bc3 {[%emt 0:00:07]} Kh7 {[%emt 0:00:03]} 32. Bxa5 {[%emt 0:00:09]} Bxa4 {[%emt 0:00:01]} 33. Qf4 {[%emt 0:00:02]} Bc6 {[%emt 0:00:02]} 34. Bd2 {[%emt 0:00:04]} Qd5 {[%emt 0:00:09]} 35. Rxc6 {[%emt 0:00:08]} bxc6 {[%emt 0:00:10]} 36. Bc3 {[%emt 0:00:06]} Qe4 {[%emt 0:00:08]} 37. Qf6 {[%emt 0:00:05]} Qb1+ {[%emt 0:00:03]} 38. Kh2 {[%emt 0:00:03]} Kh6 {[%emt 0:00:01]} 39. h4 {[%emt 0:00:04]} 1-0

[Event "European Online Club-ch-H 2021"]
[Site "Online"]
[Date "2021.03.27"]
[Round "2.20"]
[White "Buhmann, Rainer"]
[Black "Baklan, Vladimir"]
[Result "1-0"]
[WhiteElo "2580"]
[BlackElo "2587"]
[Annotator "ChessBase"]
[PlyCount "149"]
[EventDate "2021.03.27"]
[EventType "team-tourn"]
[EventCountry "NET"]
[SourceTitle "playchess.com"]
[Source "ChessBase"]
[SourceQuality "1"]
[TimeControl "900+5"]

1. d4 {[%emt 0:00:00]} Nf6 {[%emt 0:00:03]} 2. Nf3 {[%emt 0:00:03]} e6 {[%emt 0:00:03]} 3. c4 {[%emt 0:00:01]} b6 {[%emt 0:00:02]} 4. e3 {[%emt 0:00:02]} Bb7 {[%emt 0:00:21]} 5. Bd3 {[%emt 0:00:02]} c5 {[%emt 0:00:04]} 6. O-O {[%emt 0:00:08]} g6 {[%emt 0:00:04]} 7. Nc3 {[%emt 0:00:21]} Bg7 {[%emt 0:00:05]} 8. d5 {[%emt 0:01:52]} exd5 {[%emt 0:00:04]} 9. cxd5 {[%emt 0:00:02]} Nxd5 {[%emt 0:00:04]} 10. Nb5 {[%emt 0:01:44]} O-O {[%emt 0:01:04]} 11. e4 {[%emt 0:00:58]} Nc7 {[%emt 0:00:37]} 12. Nd6 {[%emt 0:01:20]} Ba6 {[%emt 0:01:07]} 13. Bg5 {[%emt 0:00:24]} f6 {[%emt 0:00:04]} 14. Bxa6 {[%emt 0:00:43]} Nbxa6 {[%emt 0:00:04]} 15. Bh4 {[%emt 0:00:14]} Nb4 {[%emt 0:00:35]} 16. Re1 {[%emt 0:00:48]} Nc6 {[%emt 0:02:02]} 17. Qb3+ {[%emt 0:00:48]} Ne6 {[%emt 0:00:04]} 18. Rad1 {[%emt 0:00:11]} h6 {[%emt 0:01:13]} 19. Nf5 {[%emt 0:02:48]} Qe8 {[%emt 0:00:22]} 20. Nxg7 {[%emt 0:01:08]} Kxg7 {[%emt 0:00:07]} 21. Qd5 {[%emt 0:00:21]} Ned4 {[%emt 0:01:28]} 22. Nxd4 {[%emt 0:00:03]} cxd4 {[%emt 0:00:17]} 23. f4 {[%emt 0:00:05]} Qf7 {[%emt 0:00:20]} 24. Bf2 {[%emt 0:00:12]} Rac8 {[%emt 0:01:06]} 25. Kf1 {[%emt 0:00:51]} Rfe8 {[%emt 0:02:40]} 26. Qxf7+ {[%emt 0:00:10]} Kxf7 {[%emt 0:00:03]} 27. Bxd4 {[%emt 0:00:01]} Nxd4 {[%emt 0:00:08]} 28. Rxd4 {[%emt 0:00:01]} Re7 {[%emt 0:00:01]} 29. Re2 {[%emt 0:00:10]} Rc6 {[%emt 0:00:12]} 30. Kf2 {[%emt 0:00:08]} Ke8 {[%emt 0:00:29]} 31. Kf3 {[%emt 0:00:22]} Rc1 {[%emt 0:00:04]} 32. Ra4 {[%emt 0:00:18]} d5 {[%emt 0:00:32]} 33. exd5 {[%emt 0:00:38]} Rf1+ {[%emt 0:00:05]} 34. Rf2 {[%emt 0:00:02]} Rd1 {[%emt 0:00:01]} 35. Re2 {[%emt 0:00:13]} Rxd5 {[%emt 0:00:15]} 36. Rxe7+ {[%emt 0:00:03]} Kxe7 {[%emt 0:00:02]} 37. Rxa7+ {[%emt 0:00:01]} Ke6 {[%emt 0:00:11]} 38. Rb7 {[%emt 0:00:03]} Rb5 {[%emt 0:00:02]} 39. b3 {[%emt 0:00:04]} g5 {[%emt 0:00:04]} 40. Rc7 {[%emt 0:00:22]} gxf4 {[%emt 0:00:38]} 41. Kxf4 {[%emt 0:00:08]} Rf5+ {[%emt 0:00:05]} 42. Ke4 {[%emt 0:00:04]} Re5+ {[%emt 0:00:03]} 43. Kd3 {[%emt 0:00:03]} Kd6 {[%emt 0:00:03]} 44. Rh7 {[%emt 0:00:06]} h5 {[%emt 0:00:05]} 45. Rf7 {[%emt 0:00:12]} Rf5 {[%emt 0:00:06]} 46. a3 {[%emt 0:00:07]} Rf2 {[%emt 0:00:10]} 47. Ke3 {[%emt 0:00:04]} Rf5 {[%emt 0:00:30]} 48. g3 {[%emt 0:00:04]} Rf1 {[%emt 0:00:03]} 49. Ke2 {[%emt 0:00:02]} Rf5 {[%emt 0:00:03]} 50. h4 {[%emt 0:00:02]} b5 {[%emt 0:00:04]} 51. Ke3 {[%emt 0:00:04]} Rf1 {[%emt 0:00:08]} 52. Rh7 {[%emt 0:00:01]} Rb1 {[%emt 0:00:06]} 53. b4 {[%emt 0:00:05]} Re1+ {[%emt 0:00:16]} 54. Kf4 {[%emt 0:00:07]} Re5 {[%emt 0:00:02]} 55. Rf7 {[%emt 0:00:05]} Ke6 {[%emt 0:00:04]} 56. Rc7 {[%emt 0:00:02]} Re1 {[%emt 0:00:09]} 57. Rc5 {[%emt 0:00:04]} Rf1+ {[%emt 0:00:02]} 58. Ke4 {[%emt 0:00:03]} Re1+ {[%emt 0:00:02]} 59. Kf3 {[%emt 0:00:03]} Ra1 {[%emt 0:00:01]} 60. Rxh5 {[%emt 0:00:01]} f5 {[%emt 0:00:02]} 61. Kf4 {[%emt 0:00:07]} Rf1+ {[%emt 0:00:02]} 62. Ke3 {[%emt 0:00:04]} Ra1 {[%emt 0:00:01]} 63. Kd4 {[%emt 0:00:04]} Rxa3 {[%emt 0:00:02]} 64. Rg5 {[%emt 0:00:02]} Rf3 {[%emt 0:00:14]} 65. Kc5 {[%emt 0:00:03]} f4 {[%emt 0:00:01]} 66. gxf4 {[%emt 0:00:01]} Rxf4 {[%emt 0:00:01]} 67. h5 {[%emt 0:00:02]} Kd7 {[%emt 0:00:05]} 68. Kxb5 {[%emt 0:00:03]} Rh4 {[%emt 0:00:02]} 69. Rc5 {[%emt 0:00:02]} Kd6 {[%emt 0:00:04]} 70. Ka5 {[%emt 0:00:02]} Rh1 {[%emt 0:00:02]} 71. Kb6 {[%emt 0:00:03]} Rh4 {[%emt 0:00:05]} 72. b5 {[%emt 0:00:02]} Rh1 {[%emt 0:00:01]} 73. Rg5 {[%emt 0:00:03]} Rh4 {[%emt 0:00:02]} 74. Rg6+ {[%emt 0:00:02]} Kd7 {[%emt 0:00:02]} 75. h6 {[%emt 0:00:02]} 1-0

[Event "European Online Club-ch-H 2021"]
[Site "Online"]
[Date "2021.03.27"]
[Round "4.1"]
[White "Samani, Yamac"]
[Black "Sabuk, Piotr"]
[Result "1-0"]
[WhiteElo "2246"]
[BlackElo "2366"]
[Annotator "NA"]
[PlyCount "101"]
[EventDate "2021.03.27"]
[EventType "team-tourn"]
[EventCountry "NET"]
[SourceTitle "playchess.com"]
[Source "ChessBase"]
[SourceQuality "1"]
[TimeControl "900+5"]

1. e4 {[%emt 0:00:00]} e5 {[%emt 0:00:02]} 2. Nc3 {[%emt 0:00:04]} Nf6 {[%emt 0:00:03]} 3. g3 {[%emt 0:00:04]} Nc6 {[%emt 0:00:24]} 4. Bg2 {[%emt 0:00:02]} Bc5 {[%emt 0:00:02]} 5. Nf3 {[%emt 0:00:08]} d6 {[%emt 0:00:09]} 6. d3 {[%emt 0:00:06]} h6 {[%emt 0:00:07]} 7. Na4 {[%emt 0:00:08]} O-O {[%emt 0:00:18]} 8. O-O {[%emt 0:00:06]} Be6 {[%emt 0:00:18]} 9. c3 {[%emt 0:00:14]} Bb6 {[%emt 0:01:20]} 10. Re1 {[%emt 0:00:40]} Qd7 {[%emt 0:00:20]} 11. Nxb6 {[%emt 0:00:23]} axb6 {[%emt 0:00:02]} 12. a3 {[%emt 0:00:24]} Bh3 {[%emt 0:00:09]} 13. Bh1 {[%emt 0:00:07]} Rfe8 {[%emt 0:00:24]} 14. b4 {[%emt 0:00:52]} Bg4 {[%emt 0:00:32]} 15. Qc2 {[%emt 0:00:11]} b5 {[%emt 0:00:12]} 16. Bb2 {[%emt 0:00:21]} Rad8 {[%emt 0:02:23]} 17. a4 {[%emt 0:01:13]} bxa4 {[%emt 0:00:12]} 18. b5 {[%emt 0:00:42]} Ne7 {[%emt 0:00:27]} 19. c4 {[%emt 0:00:37]} b6 {[%emt 0:00:12]} 20. Rxa4 {[%emt 0:00:11]} Ng6 {[%emt 0:00:08]} 21. Rea1 {[%emt 0:00:17]} Qe6 {[%emt 0:00:21]} 22. Ra7 {[%emt 0:00:08]} Rc8 {[%emt 0:00:03]} 23. Nd2 {[%emt 0:00:49]} Nd7 {[%emt 0:00:07]} 24. Nf1 {[%emt 0:00:20]} Nc5 {[%emt 0:00:13]} 25. Ne3 {[%emt 0:00:14]} Ne7 {[%emt 0:00:02]} 26. f4 {[%emt 0:00:29]} f5 {[%emt 0:00:42]} 27. Nxg4 {[%emt 0:00:51]} fxg4 {[%emt 0:00:02]} 28. f5 {[%emt 0:00:24]} Qf6 {[%emt 0:00:37]} 29. Qd1 {[%emt 0:00:18]} h5 {[%emt 0:00:02]} 30. d4 {[%emt 0:00:27]} Nd7 {[%emt 0:00:15]} 31. Bg2 {[%emt 0:00:25]} g6 {[%emt 0:00:06]} 32. Qd2 {[%emt 0:00:49]} gxf5 {[%emt 0:00:13]} 33. Rf1 {[%emt 0:00:08]} Rf8 {[%emt 0:00:19]} 34. exf5 {[%emt 0:00:10]} Nxf5 {[%emt 0:00:04]} 35. Bd5+ {[%emt 0:00:18]} Kh8 {[%emt 0:00:08]} 36. Bc6 {[%emt 0:00:24]} Qe6 {[%emt 0:01:00]} 37. Bxd7 {[%emt 0:00:17]} Qxd7 {[%emt 0:00:01]} 38. dxe5 {[%emt 0:00:02]} Kh7 {[%emt 0:00:41]} 39. Qg5 {[%emt 0:00:14]} dxe5 {[%emt 0:00:40]} 40. Bxe5 {[%emt 0:00:48]} Rf7 {[%emt 0:00:35]} 41. Qxh5+ {[%emt 0:00:16]} Nh6 {[%emt 0:00:02]} 42. Rxf7+ {[%emt 0:00:10]} Qxf7 {[%emt 0:00:01]} 43. Qxf7+ {[%emt 0:00:02]} Nxf7 {[%emt 0:00:00]} 44. Rxc7 {[%emt 0:00:46]} Rf8 {[%emt 0:00:16]} 45. Bd6 {[%emt 0:00:11]} Rd8 {[%emt 0:00:02]} 46. Rxf7+ {[%emt 0:00:15]} Kg6 {[%emt 0:00:04]} 47. Rc7 {[%emt 0:00:04]} Rxd6 {[%emt 0:00:05]} 48. Rc6 {[%emt 0:00:01]} Rf6 {[%emt 0:00:04]} 49. c5 {[%emt 0:00:17]} bxc5 {[%emt 0:00:12]} 50. Rxf6+ {[%emt 0:00:03]} Kxf6 {[%emt 0:00:00]} 51. b6 {[%emt 0:00:01]} 1-0

[Event "European Online Club-ch-H 2021"]
[Site "Online"]
[Date "2021.03.27"]
[Round "4.2"]
[White "Valuet, Bertrand"]
[Black "Agdelen, Huseyin Can"]
[Result "1-0"]
[WhiteElo "2217"]
[BlackElo "2206"]
[Annotator "NA"]
[PlyCount "67"]
[EventDate "2021.03.27"]
[EventType "team-tourn"]
[EventCountry "NET"]
[SourceTitle "playchess.com"]
[Source "ChessBase"]
[SourceQuality "1"]
[TimeControl "900+5"]

1. e4 {[%emt 0:00:00]} c5 {[%emt 0:00:02]} 2. Nf3 {[%emt 0:00:03]} d6 {[%emt 0:00:02]} 3. d4 {[%emt 0:00:03]} cxd4 {[%emt 0:00:01]} 4. Nxd4 {[%emt 0:00:01]} Nf6 {[%emt 0:00:02]} 5. Nc3 {[%emt 0:00:02]} a6 {[%emt 0:00:01]} 6. Be3 {[%emt 0:00:04]} e6 {[%emt 0:00:31]} 7. Be2 {[%emt 0:00:10]} Qc7 {[%emt 0:00:04]} 8. g4 {[%emt 0:00:12]} b5 {[%emt 0:00:23]} 9. g5 {[%emt 0:00:59]} b4 {[%emt 0:00:06]} 10. Nd5 {[%emt 0:00:16]} Nxd5 {[%emt 0:00:35]} 11. exd5 {[%emt 0:00:03]} e5 {[%emt 0:00:01]} 12. Nb3 {[%emt 0:00:35]} Be7 {[%emt 0:01:34]} 13. a3 {[%emt 0:00:10]} Bf5 {[%emt 0:00:24]} 14. axb4 {[%emt 0:01:53]} Bxc2 {[%emt 0:00:44]} 15. Qc1 {[%emt 0:00:06]} Bd8 {[%emt 0:00:02]} 16. Nd2 {[%emt 0:00:40]} O-O {[%emt 0:00:55]} 17. O-O {[%emt 0:00:16]} f5 {[%emt 0:00:18]} 18. gxf6 {[%emt 0:00:27]} Rxf6 {[%emt 0:00:03]} 19. Ra3 {[%emt 0:00:24]} Bf5 {[%emt 0:01:42]} 20. Qxc7 {[%emt 0:00:15]} Bxc7 {[%emt 0:00:00]} 21. Rc1 {[%emt 0:00:06]} Bd8 {[%emt 0:00:14]} 22. b5 {[%emt 0:00:49]} a5 {[%emt 0:00:17]} 23. b6 {[%emt 0:00:28]} Bh3 {[%emt 0:01:04]} 24. Bf1 {[%emt 0:00:48]} Bxf1 {[%emt 0:04:24]} 25. Kxf1 {[%emt 0:00:05]} Nd7 {[%emt 0:00:51]} 26. b7 {[%emt 0:00:18]} Rb8 {[%emt 0:00:03]} 27. Rc8 {[%emt 0:00:03]} Rf8 {[%emt 0:00:06]} 28. Rxb8 {[%emt 0:00:17]} Nxb8 {[%emt 0:00:03]} 29. Rc3 {[%emt 0:00:09]} Rf7 {[%emt 0:00:39]} 30. Rc8 {[%emt 0:00:23]} Rxb7 {[%emt 0:00:03]} 31. Rxd8+ {[%emt 0:00:07]} Kf7 {[%emt 0:00:01]} 32. Nc4 {[%emt 0:00:43]} Rb4 {[%emt 0:00:13]} 33. Nxd6+ {[%emt 0:00:18]} Ke7 {[%emt 0:00:03]} 34. Bg5# {[%emt 0:00:04]} 1-0